Derechos humanos: un cuarto de siglo
সংরক্ষণ করুন:
| বিন্যাস: | পাঠ্য |
|---|---|
| বিষয়গুলি: | |
| ট্যাগগুলো: |
ট্যাগ যুক্ত করুন
কোনো ট্যাগ নেই, প্রথমজন হিসাবে ট্যাগ করুন!
|
MARC
| LEADER | 00000 a a2200000 04500 | ||
|---|---|---|---|
| 001 | 6390 | ||
| 003 | |||
| 040 | |||
| 245 | |a Derechos humanos: |b un cuarto de siglo | ||
| 650 | |a DERECHOS HUMANOS | ||
| 773 | |g volumen 21, número 915; páginas 12-16 | ||
| 999 | |c 23442 |d 23442 | ||
